Klasifikácia produkcie: 1. diel.

Salvato in:
Dettagli Bibliografici
Natura: Libro
Lingua:slovacco
Pubblicazione: Štatistický úrad SR-Veda, 1995
Soggetti:
Tags: Aggiungi Tag
Nessun Tag, puoi essere il primo ad aggiungerne!!

MARC

LEADER 00000nam a22000003a 4500
001 stu25553
005 20141122071454.7
008 980514s1995------------------------slo-d
020 |a 80-8046-016-7 
040 |a STU  |b slo 
041 0 |a slo 
080 |a 025.45/.46 
080 |a 338.4 
245 |a Klasifikácia produkcie: 1. diel. 
260 |b Štatistický úrad SR-Veda,  |c 1995 
300 |a 482 s 
650 7 |a Sektory hospodárske  |2 stusub 
650 7 |a Produkcia-klasifikácia  |2 stusub 
996 |b 284M028497  |c M*9960/1-3  |l MMKN  |s A  |a 24  |w stu25553_0001 
996 |b 284C011349  |c C*B2331  |l CCI  |s A  |a 24  |w stu25553_0003 
996 |b 284M061335  |c M*9960/1-1  |l MMKN  |s A  |a 24  |w stu25553_0005 
996 |b 284M028460  |c M*9960/1-2  |l MMKN  |s A  |a 24  |w stu25553_0006 
996 |b 284M028498  |c M*9960/1-4  |l MMKN  |s A  |a 24  |w stu25553_0007